| 000 | 00482nam a2200181Ia 4500 | ||
|---|---|---|---|
| 008 | 180921t1992 xxu||||| |||| 00| 0 sin d | ||
| 041 | _asin | ||
| 080 |
_a659.3 _bPER |
||
| 100 | _aPeris, Sirimal | ||
| 245 | _aස්වෙිචිඡා සංකල්ප | ||
| 246 | _aSveechchaa sankalpa | ||
| 260 |
_bMoratuva printers _aHoretuduva _c1992 |
||
| 300 | _a23p., 21 cm | ||
| 650 | _aCommunication | ||
| 942 | _cBK | ||
| 999 |
_c14806 _d14806 |
||
| 003 | LK-CoDNM | ||
| 040 |
_aLK-CoDNM _dLK-CoDNM _eLK-CoDNM |
||